[Event "Let's Play Chess!"]
[Site "http://www.queenalice.com/game.php?id=262400"]
[Date "2007.8.27"]
[Round "-"]
[White "Eivind"]
[Black "Petruzza"]
[Result "0-1"]
[WhiteElo "1635"]
[BlackElo "1568"]

1. d4 e6 2. c4 Nf6 3. Nc3 Bb4 4. Bd2 a5 5. a3 Bd6 6. c5 Bf8 7. e4 Nc6 8. Nf3 h6
9. e5 Nd5 10. g3 g5 11. h4 g4 12. Nh2 h5 13. Bg5 Be7 14. Bg2 Bxg5 15. hxg5 Qxg5
16. f4 Qg8 17. Nb5 Kd8 18. f5 Ne3 19. Qd2 Nxf5 0-1

[Event "Let's Play Chess!"]
[Site "http://www.queenalice.com/game.php?id=267838"]
[Date "2007.9.6"]
[Round "-"]
[White "tlalexandri"]
[Black "Eivind"]
[Result "0-1"]
[WhiteElo "1441"]
[BlackElo "1624"]

1. e4 c5 2. Bc4 d6 3. Qf3 Nf6 4. h3 g5 5. d3 Qb6 6. Nc3 Rg8 7. Bb5+ Bd7 8. Bxd7+
Nfxd7 9. Nge2 Ne5 10. Qh5 Nbc6 11. Qxh7 Nb4 12. O-O Rg6 13. Nd5 Nxd5 14. c4 Nf6
15. Qh8 Rh6 16. Qxh6 Bxh6 17. h4 Nxd3 18. Bd2 Qxb2 19. Rfd1 Nxe4 20. f3 Nxd2 21.
hxg5 Bxg5 22. a4 Be3+ 23. Kh2 Qe5+ 24. g3 Qh5+ 25. Kg2 Qxf3+ 26. Kh3 Qxe2 27. g4
Nf2+ 0-1

[Event "Let's Play Chess!"]
[Site "http://www.queenalice.com/game.php?id=270727"]
[Date "2007.9.12"]
[Round "-"]
[White "Eivind"]
[Black "spawnwolfwolverine"]
[Result "0-1"]
[WhiteElo "1633"]
[BlackElo "1628"]

1. d4 d5 2. c4 dxc4 3. e4 b5 4. a4 c6 5. Qf3 e6 6. axb5 cxb5 7. e5 Bb4+ 8. Nc3
Nc6 9. Qxc6+ Bd7 10. Qa6 Ne7 11. Bg5 O-O 12. O-O-O Bxc3 13. bxc3 h6 14. Bxe7
Qxe7 15. g3 Rfc8 16. Bg2 Rab8 17. Bb7 Rxb7 18. Qxb7 Qe8 19. d5 exd5 20. Rxd5 Bc6
21. Qxa7 Bxd5 22. f3 Qxe5 23. Qa1 Qe1+ 24. Kb2 Qxa1+ 25. Kxa1 g5 26. Ne2 Bxf3
0-1

[Event "Let's Play Chess!"]
[Site "http://www.queenalice.com/game.php?id=273597"]
[Date "2007.9.18"]
[Round "-"]
[White "Eivind"]
[Black "Moro08"]
[Result "0-1"]
[WhiteElo "1545"]
[BlackElo "1673"]

1. d4 Nf6 2. c4 e6 3. Nc3 Bb4 4. Bd2 c5 5. Nf3 cxd4 6. Nxd4 O-O 7. a3 Be7 8. g3
Qb6 9. Ndb5 a6 10. Qa4 d5 11. Be3 Qd8 12. O-O-O Bd7 13. cxd5 Nxd5 14. Nxd5 exd5
15. Rxd5 Bxb5 0-1

[Event "Play Chess With A Girly?"]
[Site "http://www.queenalice.com/game.php?id=278920"]
[Date "2007.9.29"]
[Round "-"]
[White "Eivind"]
[Black "InsaneCannibalElf"]
[Result "0-1"]
[WhiteElo "1545"]
[BlackElo "1782"]

1. d4 f5 2. c4 Nf6 3. Nf3 e6 4. Bf4 Bd6 5. g3 b6 6. Bxd6 cxd6 7. Bg2 Bb7 8. Nc3
O-O 9. O-O Qe7 10. e3 e5 11. d5 Na6 0-1

[Event "Let's Play Chess!"]
[Site "http://www.queenalice.com/game.php?id=306850"]
[Date "2007.11.20"]
[Round "-"]
[White "Eivind"]
[Black "CJ"]
[Result "0-1"]
[WhiteElo "1543"]
[BlackElo "1585"]

1. d4 e6 2. c4 g6 3. Nf3 f6 4. e4 Bb4+ 5. Bd2 Bxd2+ 6. Nbxd2 Nc6 7. g4 d5 8. e5
f5 9. Bh3 f4 10. Qa4 Ne7 11. O-O-O O-O 12. b4 dxc4 13. Nxc4 Bd7 14. b5 Nb8 15.
g5 c6 16. Qb3 Nd5 17. Nd6 cxb5 18. Ne4 a6 19. Nf6+ Nxf6 20. gxf6 Qc8+ 21. Kb1
Qc4 22. Ng5 Qxb3+ 23. axb3 Bc6 24. Bxe6+ Kh8 25. d5 Be8 26. Rc1 h6 27. Rc8 hxg5
28. f7 Kg7 0-1

[Event "Let's Play Chess!"]
[Site "http://www.queenalice.com/game.php?id=307294"]
[Date "2007.11.20"]
[Round "-"]
[White "Eivind"]
[Black "dida"]
[Result "1-0"]
[WhiteElo "1529"]
[BlackElo "1249"]

1. d4 d5 2. c4 dxc4 3. e4 Nc6 4. Bxc4 Nf6 5. Nc3 a6 6. a4 e6 7. Bg5 b5 8. axb5
Nb4 9. Nf3 Be7 10. h4 a5 11. Qa4 h6 12. Bd2 Ng4 13. O-O O-O 14. Qb3 c5 15. d5
Bb7 16. dxe6 f5 17. Rad1 fxe4 18. Bg5 Nd3 19. Nxe4 Bxe4 20. Bxd3 hxg5 21. Bxe4
Qc7 22. Rd7 c4 23. Rxc7 cxb3 24. Bxa8 gxh4 25. Bc6 Bc5 26. Bd5 Bxf2+ 27. Rxf2
Kh7 28. Ng5+ Kg6 29. Rxf8 Kxg5 30. e7 Ne5 31. e8=Q Nd3 32. Rxg7+ Kh6 33. Qg6#
1-0

[Event "Challenge"]
[Site "http://www.queenalice.com/game.php?id=348010"]
[Date "2008.2.3"]
[Round "-"]
[White "Sigmund"]
[Black "Eivind"]
[Result "0-1"]
[WhiteElo "1669"]
[BlackElo "1557"]

1. e4 c5 2. Bc4 d6 3. h3 Nc6 4. Nf3 Nf6 5. Nc3 a6 6. O-O b5 7. Bd5 Bb7 8. e5
Nxd5 9. Nxd5 dxe5 10. Ne3 e6 11. d3 Be7 12. Re1 O-O 13. Ng4 f6 14. c4 Nb4 15.
Re3 bxc4 16. Ngxe5 fxe5 17. Nxe5 Qd5 18. Qg4 Nc2 19. Rg3 Bf6 20. Nxc4 Nxa1 21.
Nb6 Qe5 22. Nd7 Qe1+ 23. Kh2 Qxf2 24. Bh6 Rf7 25. Qxe6 Bd4 0-1

[Event "Challenge"]
[Site "http://www.queenalice.com/game.php?id=348073"]
[Date "2008.2.3"]
[Round "-"]
[White "amaralch7"]
[Black "Eivind"]
[Result "0-1"]
[WhiteElo "1721"]
[BlackElo "1534"]

1. e4 c5 2. Nc3 d6 3. Nf3 Nf6 4. Ng5 h6 5. Nxf7 Kxf7 6. Bc4+ e6 7. O-O Nc6 8.
Ne2 Nxe4 9. Nf4 Nf6 10. Re1 d5 11. Bb3 Bd6 12. Nh5 Rf8 13. Re3 Kg8 14. c3 Nxh5
15. Qxh5 Qf6 16. Rf3 Qe5 17. Rxf8+ Kxf8 18. Qf3+ Ke7 19. g3 Qe1+ 20. Kg2 Ne5 21.
Qf4 c4 22. Bc2 Nd3 23. Qh4+ g5 24. Qxh6 Qxf2+ 0-1

[Event "Challenge"]
[Site "http://www.queenalice.com/game.php?id=349970"]
[Date "2008.2.7"]
[Round "-"]
[White "CesarLMarques"]
[Black "Eivind"]
[Result "1-0"]
[WhiteElo "2329"]
[BlackElo "1577"]

1. e4 c5 2. Nf3 d6 3. d4 cxd4 4. Nxd4 Nf6 5. Nc3 a6 6. Be2 e5 7. Nb3 Be7 8. Be3
O-O 9. g4 Be6 10. g5 Nfd7 11. Qd2 Nc6 12. Nd5 a5 13. a4 1-0

[Event "Challenge"]
[Site "http://www.queenalice.com/game.php?id=349971"]
[Date "2008.2.7"]
[Round "-"]
[White "Eivind"]
[Black "CesarLMarques"]
[Result "0-1"]
[WhiteElo "1575"]
[BlackElo "2330"]

1. d4 d5 2. c4 dxc4 3. e4 e5 4. Nf3 exd4 5. Bxc4 Bb4+ 6. Bd2 Bxd2+ 7. Nbxd2 Nc6
8. O-O Nf6 9. e5 Nd5 10. Qb3 Na5 11. Qa4+ Nc6 12. Qb3 Na5 0-1

[Event "Fischer 43/08"]
[Site "http://www.queenalice.com/game.php?id=386627"]
[Date "2008.4.12"]
[Round "1"]
[White "Eivind"]
[Black "REUSKING"]
[Result "1-0"]
[WhiteElo "1593"]
[BlackElo "1919"]

1. d4 d5 2. c4 e6 3. Nf3 Nf6 4. Bg5 Be7 5. e3 Nbd7 6. c5 Ne4 7. Bxe7 Qxe7 8. Bd3
b6 9. c6 Nb8 10. Nbd2 Nxd2 11. Qxd2 Nxc6 12. Bb5 Bd7 13. Bxc6 Bxc6 14. Qc2 Bb7
15. Rc1 Rc8 16. Qa4+ c6 17. Qxa7 b5 18. a3 O-O 19. Qc5 Qc7 20. O-O f6 21. Nh4
Rfe8 22. f4 Qe7 23. Qxe7 Rxe7 24. Nf3 Rec7 25. Rc5 b4 26. axb4 Ba6 27. Ra1 Be2
28. Kf2 Bd3 29. Rc3 Bg6 30. Ra5 Rb8 31. b5 Rb6 32. Ne1 h6 33. b4 Be8 34. Nd3 Kf7
35. bxc6 Rbxc6 36. Rxc6 Rxc6 37. Ra7+ Kg6 38. Nc5 Rb6 39. Re7 Bf7 40. Nd7 Rxb4
41. Nf8+ Kf5 42. Rxf7 Rb2+ 43. Kf3 1-0

[Event "Challenge"]
[Site "http://www.queenalice.com/game.php?id=391014"]
[Date "2008.4.21"]
[Round "-"]
[White "Eivind"]
[Black "rafajeff"]
[Result "0-1"]
[WhiteElo "1632"]
[BlackElo "1670"]

1. d4 Nc6 2. c4 d5 3. Nc3 dxc4 4. e3 e6 5. Nf3 a6 6. Bxc4 Rb8 7. O-O b5 8. d5
Nce7 9. Bb3 Rb6 10. Ne5 exd5 11. Nxd5 Rd6 12. Nf6+ Rxf6 13. Bxf7+ Rxf7 14. Qxd8+
Kxd8 15. Nxf7+ Ke8 16. Nxh8 Nh6 17. b3 a5 18. Rd1 Nc6 19. Bb2 Nf5 20. Rac1 Bd7
21. e4 Nd6 22. e5 Ne4 23. e6 Bxe6 24. Rxc6 Bd6 25. Re1 Bf5 26. g4 Bxg4 27. Rxe4+
Kd7 28. Rxd6+ cxd6 29. Rxg4 g6 0-1

[Event "Challenge"]
[Site "http://www.queenalice.com/game.php?id=391015"]
[Date "2008.4.21"]
[Round "-"]
[White "rafajeff"]
[Black "Eivind"]
[Result "1-0"]
[WhiteElo "1684"]
[BlackElo "1618"]

1. e4 c5 2. Qf3 Nc6 3. Bc4 e6 4. Nh3 Nd4 5. Qd3 d5 6. exd5 exd5 7. Bb3 Qe7+ 8.
Qe3 Bxh3 9. gxh3 O-O-O 10. Nc3 Qd7 11. O-O Nxb3 12. cxb3 d4 13. Qe5 dxc3 14.
bxc3 Re8 15. Qf4 Bd6 16. Qa4 Qxa4 17. bxa4 Nf6 18. Ba3 Re2 19. d4 Rhe8 20. dxc5
Bc7 21. Bb4 R8e5 22. Rad1 Rxa2 23. f4 Ree2 24. Rf3 a5 25. Rg3 axb4 26. cxb4 Bxf4
27. Rgd3 1-0

[Event "Omkamp"]
[Site "http://www.queenalice.com/game.php?id=396400"]
[Date "2008.5.1"]
[Round "-"]
[White "Eivind"]
[Black "Sigmund"]
[Result "1-0"]
[WhiteElo "1573"]
[BlackElo "1677"]

1. d4 c5 2. dxc5 e5 3. Nf3 Nc6 4. Nc3 Bxc5 5. e4 d6 6. Bc4 h6 7. O-O Bg4 8. Na4
Nf6 9. c3 Nxe4 10. Qd5 O-O 11. Qxe4 Bh5 12. g4 Bg6 13. Qxg6 d5 14. Qd3 e4 15.
Qxd5 Qxd5 16. Bxd5 Bd6 17. Bxe4 Rac8 18. Bxc6 Rxc6 19. g5 b5 20. gxh6 g6 21. Nd4
Bxh2+ 22. Kxh2 Rc4 23. b3 Rxd4 24. cxd4 bxa4 25. bxa4 1-0

[Event "Challenge"]
[Site "http://www.queenalice.com/game.php?id=407944"]
[Date "2008.5.25"]
[Round "-"]
[White "pierjean"]
[Black "Eivind"]
[Result "0-1"]
[WhiteElo "1466"]
[BlackElo "1622"]

1. d4 d5 2. c4 e6 3. Nf3 Nc6 4. c5 g6 5. Na3 Bd7 6. Nc2 Bg7 7. a3 Nf6 8. e3 O-O
9. Be2 Na5 10. Nd2 Ba4 11. Rb1 Nb3 12. O-O h5 13. f4 Ne4 14. Nxe4 dxe4 15. Qe1
Nxc5 16. dxc5 Bxc2 17. Ra1 Bd3 18. Rf2 Qd5 19. Bxd3 exd3 20. Rd2 Rfd8 21. Rb1
Qa2 22. Rd1 Qxb1 23. Qb4 Qc2 24. Rf1 a5 25. Qe4 Qxc5 26. Bd2 Bxb2 27. Qxb7 Rab8
28. Qa6 Bc3 0-1

[Event "Fischer 43/08"]
[Site "http://www.queenalice.com/game.php?id=418650"]
[Date "2008.6.16"]
[Round "2"]
[White "pultz"]
[Black "Eivind"]
[Result "0-1"]
[WhiteElo "1573"]
[BlackElo "1605"]

1. d4 d5 2. Nc3 Nf6 3. e3 Nc6 4. Bd3 e5 5. dxe5 Nxe5 6. Bb5+ c6 7. Ba4 b5 8. Bb3
Bd6 9. Nf3 Nxf3+ 10. Qxf3 Bg4 11. Qf4 Bxf4 12. exf4 d4 13. Ne2 Bxe2 14. Kxe2 Nd5
15. Rd1 Qh4 16. Rxd4 Qxh2 17. g3 Qh5+ 18. Ke1 O-O-O 19. a4 Rhe8+ 20. Kf1 Qh1#
0-1

[Event "Challenge"]
[Site "http://www.queenalice.com/game.php?id=437969"]
[Date "2008.7.23"]
[Round "-"]
[White "Viceroy"]
[Black "Eivind"]
[Result "1-0"]
[WhiteElo "1744"]
[BlackElo "1620"]

1. d4 f5 2. g3 Nf6 3. Bg2 e6 4. c4 Bb4+ 5. Bd2 Bxd2+ 6. Qxd2 O-O 7. Nc3 d5 8.
Nf3 dxc4 9. Ne5 Nbd7 10. Nxc4 Nb6 11. Ne5 Nfd7 12. Nxd7 Bxd7 13. b3 c6 14. O-O
Nd5 15. Nxd5 1-0